Bienvenue au Catalogue en Ligne des Bibliothèques de l'Universite du Burundi

Tathmini ya mbinu za uundaji wa istilahi za uwanja wa tiba (Record no. 54047)

000 -GUIDE
Champ de contrôle de longueur fixe 01023nam a22002297a 4500
003 - IDENTITÉ DU NUMÉRO DE CONTRÔLE
Champ de contrôle BI-BuBU
008 - ÉLÉMENTS DE LONGUEUR FIXE - RENSEIGNEMENTS GÉNÉRAUX
Champ de contrôle de longueur fixe 260619b202619/6bd ||||f |||| 00| 0 fre d
037 ## - SOURCE D'ACQUISITION
Source d'acquisition et du numéro d'inventaire don de l´auteur
039 ## - NIVEAU DE CONTRÔLE BIBLIOGRAPHIQUE ET HISTORIQUE D'ENCODAGE [OBSOLETE]
Date creation 20260619081244.0
Nom catalographe Jean Baptiste Ndikumana
040 ## - SOURCE DU CATALOGAGE
Organisme qui a effectué le catalogage original BI-BuBU
Code de la langue utilisée dans le catalogage fre
Organisme qui a effectué la transcription BI-BuBU
Organisme qui a effectué la modification BI-BuBU
080 ## - INDICE DE LA CLASSIFICATION DÉCIMALE UNIVERSELLE (CDU)
Indice de la Classification décimale universelle 61.
100 1# - VEDETTE PRINCIPALE - NOM DE PERSONNE
Code de relation aut
Nom de personne Burakuvye, Montfort
245 10 - MENTION DU TITRE
Titre Tathmini ya mbinu za uundaji wa istilahi za uwanja wa tiba
Reste du titre Uchunguzi kifani wa kamusi ya tiba toleo la 2003
Mention de responsabilité, etc. Monfort Burakuvye;Ferdinand Mberamihigo,directeur
260 ## - PUBLICATION, DIFFUSION, ETC. (ADRESSE BIBLIOGRAPHIQUE)
Lieu de publication, diffusion, etc. Bujumbura
Nom de l'éditeur, diffuseur, etc. Université du Burundi,Faculté des lettres et sciences humaines
Date of publication, distribution, etc 2025
300 ## - DESCRIPTION MATÉRIELLE
Collation XIII-86f
Dimensions 30cm
502 ## - NOTE DE THÈSE OU MÉMOIRE
Note de thèse Mémoire présenté pour l´obtention d´un diplôme de Master en Traduction et Interprétation
650 #7 - VEDETTE-MATIÈRE - NOM COMMUN
Source du terme BI-BuBU
Vedette de sujet ou vedette comportant un nom géographique Médecine
Subdivision de forme Méthode de création termenologique
Subdivision générale Evaluation
-- Dictionnaire médical
Subdivision chronologique Edition 2003
655 #7 - TERME D'INDEXATION - GENRE OU FORME
Source du terme BI-BuBU
700 1# - VEDETTE SECONDAIRE - NOM DE PERSONNE
Code de relation dir.
Nom d'auteur Mberamihigo Ferdinand
710 ## - VEDETTE SECONDAIRE - NOM DE COLLECTIVITÉ
Code de relation aut.
Nom de la collectivité ou nom de lieu comme élément de classement Faculté des lettres et sciences humaines
942 ## - ÉLÉMENTS D'ENTRÉE ADDITIONNELLE (KOHA)
Source de la classification ou du système de rangement
Type d item koha Memoire
Holdings
Statut de retrait Statut de perte Source de la classification ou du système de rangement Statut de déterioration Exclu du prêt Numéro d item Koha Localisation permanente Localisation actuelle Date d'acquisition Source d'acquisition Nombre de prêts Cote Code-barres Date last seen Prix en vigueur à partir du Type d item koha
          85908 Bibliothèque Centrale Bibliothèque Centrale 19/06/2026 don de l´auteur   61.BUR. 5010000673062 19/06/2026 19/06/2026 Memoire
© 2019-2026 - Bibliothèques de l'Université du Burundi |Tous droits réservés
home | Pour toute information urgente Contactez nous | tel whatsupp: +25779204313